000 00922nam a22002177a 4500
003 LK-CoMWRAF
005 20240503115930.0
008 240503b1992 |||||||| |||| 00| 0 eng d
040 _aLK-CoMWRAF
_dLK-CoMWRAF
_eLK-CoMWRAF
041 _atam
082 _a305.8
_bANU
245 _aஅஙூராதபுர மாவட்ட முஸ்லிம்கள்:
_bவரலாறும் பரம்பரியலும்
246 _aAnuratapura Mawatta Muslimgal: varalarum parampariyalum
246 _aMuslims of Anuradhapura District : History and Heritage
260 _aColombo:
_bOffice of the Minister of state and the department of Muslim Religious & Cultural Affairs,
_c1992
300 _a105 p.
490 _aமாவட்ட அறிமுக நுல்
_v2
650 _aMUSLIMS-ANURADHAPURA DISTRICT-Sri Lanka
856 _uhttps://noolaham.net/project/122/12183/12183.pdf
942 _cBK
999 _c4887
_d4887